[Event "Mecklenburg VP LL2 Ost 2223"]
[Site "Mecklenburg VP"]
[Date "2022.10.23"]
[Round "1.1"]
[White "Roehl, Rainer"]
[Black "Johlke, Lukas"]
[Result "1-0"]
[WhiteElo "2015"]
[BlackElo "1608"]
[PlyCount "47"]
[EventDate "2022.10.23"]
[EventType "team-tourn"]
[EventRounds "9"]
[EventCountry "GER"]
[SourceTitle "EXT 2024"]
[Source "ChessBase"]
[SourceDate "2023.10.10"]
[SourceVersion "1"]
[SourceVersionDate "2023.10.10"]
[SourceQuality "1"]
[WhiteTeam "Graal Mueritz II"]
[BlackTeam "Stralsund HSG II"]
[WhiteTeamCountry "GER"]
[BlackTeamCountry "GER"]

1. d4 d5 2. Nf3 Nf6 3. e3 Bg4 4. c4 e6 5. Nc3 Be7 6. Qb3 b6 7. Ne5 c6 8. Qa4 Qd6 9. cxd5 exd5 10. Bd3 0-0 11. 0-0 c5 12. Nb5 Bd7 13. Nxd6 Bxa4 14. Nf5 Re8 15. b3 Bd7 16. Nxe7+ Rxe7 17. Ba3 Re8 18. Rac1 cxd4 19. exd4 Be6 20. Rc7 Nbd7 21. Rfc1 Nxe5 22. dxe5 Ne4 23. f3 Nc5 24. Bxc5 1-0

[Event "Mecklenburg VP LL2 Ost 2122"]
[Site "Mecklenburg VP"]
[Date "2021.11.21"]
[Round "3.1"]
[White "Schmidt, Paul1111"]
[Black "Johlke, Lukas"]
[Result "1/2-1/2"]
[WhiteElo "1849"]
[BlackElo "1608"]
[PlyCount "32"]
[EventDate "2021.10.24"]
[EventType "team-tourn"]
[EventRounds "9"]
[EventCountry "GER"]
[SourceTitle "EXT 2024"]
[Source "ChessBase"]
[SourceDate "2023.10.10"]
[SourceVersion "1"]
[SourceVersionDate "2023.10.10"]
[SourceQuality "1"]
[WhiteTeam "Torgelow Droegeheide II"]
[BlackTeam "Stralsund HSG II"]
[WhiteTeamCountry "GER"]
[BlackTeamCountry "GER"]

1. e4 e5 2. Nf3 Nc6 3. Bb5 a6 4. Ba4 Bc5 5. 0-0 Nf6 6. c3 b5 7. Bc2 d6 8. h3 0-0 9. d4 Bb6 10. Bg5 h6 11. dxe5 hxg5 12. exf6 Qxf6 13. Qd5 g4 14. hxg4 Bxg4 15. Qxc6 Bxf3 16. gxf3 Qg5+ 1/2-1/2

[Event "GER-ch U25-B"]
[Site "Willingen"]
[Date "2018.05.23"]
[Round "6"]
[White "Fuchs, Florian1111"]
[Black "Johlke, Lukas"]
[Result "1-0"]
[WhiteElo "1674"]
[BlackElo "1549"]
[PlyCount "43"]
[EventDate "2018.05.19"]
[EventType "swiss"]
[EventRounds "9"]
[EventCountry "GER"]
[SourceTitle "CBM 184 Extra"]
[Source "ChessBase"]
[SourceDate "2018.06.28"]
[SourceVersion "1"]
[SourceVersionDate "2018.06.28"]
[SourceQuality "1"]

1. d4 d5 2. Bf4 Nf6 3. e3 e6 4. c4 c5 5. Nf3 Nc6 6. Nc3 cxd4 7. exd4 b6 8. Nb5 Nh5 9. Ne5 Bb4+ 10. Bd2 Bxd2+ 11. Qxd2 Bb7 12. cxd5 exd5 13. Be2 Nf6 14. Rc1 Nxe5 15. Nc7+ Kf8 16. dxe5 Ne4 17. Qb4+ Nc5 18. Nxa8 Bxa8 19. 0-0 g6 20. f4 Kg8 21. Rfd1 h5 22. Bf3 1-0

[Event "Mecklenburg VP-ch op"]
[Site "Neubrandenburg"]
[Date "2018.04.28"]
[Round "1.6"]
[White "Wolter, Guenter"]
[Black "Johlke, Lukas"]
[Result "1-0"]
[WhiteElo "1825"]
[BlackElo "1529"]
[PlyCount "53"]
[EventDate "2018.04.28"]
[EventType "swiss"]
[EventRounds "7"]
[EventCountry "GER"]
[SourceTitle "EXT 2023"]
[Source "ChessBase"]
[SourceDate "2022.10.05"]
[SourceVersion "1"]
[SourceVersionDate "2022.10.05"]
[SourceQuality "1"]

1. e4 e5 2. Nf3 Nc6 3. d4 exd4 4. Bc4 Be7 5. Nxd4 d6 6. c3 Nf6 7. Qc2 0-0 8. Be3 a6 9. h3 Ne5 10. Be2 c5 11. Nf5 b5 12. Nd2 Bb7 13. 0-0-0 Qc7 14. g4 Rfc8 15. g5 Ne8 16. f4 Nc6 17. h4 g6 18. Nh6+ Kg7 19. h5 Qd8 20. hxg6 hxg6 21. Bg4 Rc7 22. Nf3 f6 23. Qh2 Nd4 24. Bxd4 cxd4 25. Nxd4 Bc8 26. Nhf5+ Kf7 27. Qh7+ 1-0

[Event "Mecklenburg VP-ch U25"]
[Site "Malchow"]
[Date "2015.02.??"]
[Round "1.10"]
[White "Johlke, Lukas"]
[Black "Schluckner, Paul Leopold"]
[Result "0-1"]
[WhiteElo "851"]
[BlackElo "1296"]
[PlyCount "122"]
[EventDate "2015.02.04"]
[EventType "swiss"]
[EventRounds "7"]
[EventCountry "GER"]
[SourceTitle "EXT 2022"]
[Source "ChessBase"]
[SourceDate "2021.10.06"]
[SourceVersion "1"]
[SourceVersionDate "2021.10.06"]
[SourceQuality "1"]

1. e4 e5 2. Nf3 Nc6 3. Bb5 Nf6 4. Nc3 Bb4 5. Bxc6 bxc6 6. 0-0 d6 7. d3 0-0 8. Bg5 Bg4 9. h3 Bh5 10. Qe2 Qe7 11. Qe3 Qe6 12. d4 Bxf3 13. Qxf3 Bxc3 14. bxc3 exd4 15. Bxf6 Qxf6 16. Qxf6 gxf6 17. cxd4 Rfe8 18. Rfe1 Rab8 19. c4 Rb4 20. Rac1 Rb2 21. a3 Rb3 22. Ra1 Rc3 23. f3 Rxc4 24. d5 cxd5 25. exd5 Rxe1+ 26. Rxe1 Kf8 27. g4 Rc3 28. Kg2 Rxa3 29. Rc1 Rd3 30. Rxc7 a5 31. Rc8+ Kg7 32. h4 Rxd5 33. h5 a4 34. Ra8 Rd4 35. Kg3 Kh6 36. Kh4 f5 37. Ra5 fxg4 38. fxg4 a3 39. Rxa3 f5 40. Rg3 Rxg4+ 41. Rxg4 fxg4 42. Kxg4 d5 43. Kf4 Kxh5 44. Ke5 Kg4 45. Kxd5 h5 46. Ke4 h4 47. Ke3 Kg3 48. Ke4 h3 49. Kd4 h2 50. Kd5 h1Q+ 51. Kd4 Kf4 52. Kc5 Ke5 53. Kc4 Qd5+ 54. Kc3 Qe4 55. Kd2 Qf3 56. Kc2 Qe3 57. Kb2 Qd3 58. Kc1 Kd4 59. Kb2 Kc4 60. Kc1 Qe2 61. Kb1 Kb3 0-1

[Event "Mecklenburg VP-ch U25"]
[Site "Malchow"]
[Date "2015.02.??"]
[Round "2.12"]
[White "Sbach, Johann"]
[Black "Johlke, Lukas"]
[Result "0-1"]
[WhiteElo "991"]
[BlackElo "851"]
[PlyCount "98"]
[EventDate "2015.02.04"]
[EventType "swiss"]
[EventRounds "7"]
[EventCountry "GER"]
[SourceTitle "EXT 2022"]
[Source "ChessBase"]
[SourceDate "2021.10.06"]
[SourceVersion "1"]
[SourceVersionDate "2021.10.06"]
[SourceQuality "1"]

1. e4 e5 2. Nf3 Nc6 3. Bc4 Bc5 4. d3 Nf6 5. Bg5 d6 6. Nc3 Bg4 7. Nd5 Nd4 8. c3 Nxf3+ 9. gxf3 Be6 10. d4 Bxd5 11. Bxd5 exd4 12. Bxb7 Rb8 13. Bc6+ Kf8 14. b4 Bb6 15. cxd4 Qc8 16. b5 Ba5+ 17. Ke2 a6 18. Qa4 Bb6 19. e5 dxe5 20. dxe5 Qe6 21. f4 a5 22. Rhg1 Ke7 23. Qa3+ Kd8 24. Bxf6+ gxf6 25. Rgd1+ Kc8 26. Rd3 fxe5 27. Re1 exf4+ 28. Kf3 Qxe1 29. Qb2 Rf8 30. Kxf4 Qb4+ 31. Qxb4 axb4 32. a4 bxa3 33. Rxa3 Kd8 34. Kf5 Ke7 35. Rd3 Rbd8 36. Rh3 Rh8 37. Rh4 Bxf2 38. Re4+ Kf8 39. Kf6 Rd6+ 40. Kf5 f6 41. h4 Kf7 42. h5 h6 43. Ra4 Rg8 44. Rg4 Rg5+ 45. Rxg5 fxg5 46. Ke4 Rf6 47. Kd3 g4 48. Kc4 g3 49. Kb4 Rxc6 0-1